000 00585nam a22002057a 4500
005 20251014153349.0
008 251014b |||||||| |||| 00| 0 eng d
020 _a978-0-136-08620-8
040 _aNational Science Library
_cNational Science Library
080 _aD 681.3.016/.019
_bQ3
100 1 _aElmasri, Ramez
_94176
245 _aFundamentals of database systems
250 _a6th ed.
260 _aBoston:
_bPearson/Addison Wesley,
_c2011
300 _axxvii, 1172p.
650 _aComputer
653 _asystems
700 _aNavathe, Sham (Ed.)
942 _2udc
_cBK
999 _c67832
_d67832